| 000 | 01100nmm a2200397 a 4500 | ||
|---|---|---|---|
| 003 | AR-BaBNM | ||
| 005 | 20251128203051.0 | ||
| 008 | 287019s1946 ||||||||||||||000 | spa|| | ||
| 040 | _cAR-BaBNM | ||
| 100 | 1 |
_aCarlyle, Thomas _d1795-1881 |
|
| 245 | 1 | 0 | _aHistoria de la revolución francesa |
| 250 | _a1ª ed. | ||
| 260 |
_aBuenos Aires _bGil _c1946 |
||
| 300 | 0 |
_a972 p. _bil.,láms. |
|
| 500 | 0 | _aContiene apéndice para consulta p. 849-907 | |
| 500 | 0 | _aIndice general p. 909-972 | |
| 600 | 1 | 4 | _aDanton, Georges Jacques |
| 600 | 1 | 4 | _aMarat, Jean-Paul |
| 600 | 1 | 4 | _aRobespierre, Maximilien de |
| 600 | 1 | 4 | _aMirabeau, Honoré Gabriel Riqueti |
| 650 | 4 | _aHISTORIA EUROPEA | |
| 650 | 4 | _aREVOLUCION | |
| 650 | 4 | _aMOVIMIENTOS REVOLUCIONARIOS | |
| 650 | 4 | _aCIENCIAS POLITICAS | |
| 650 | 4 | _aMOTIN | |
| 650 | 4 | _aREVOLUCION | |
| 650 | 4 | _aEJERCITOS | |
| 650 | 4 | _aIGLESIA | |
| 650 | 4 | _aCRISTIANISMO | |
| 650 | 4 | _aIDEOLOGIAS | |
| 650 | 4 | _aFILOSOFIA | |
| 700 | 1 |
_aGil Guiñon, Joaquín _eilustrador |
|
| 700 | 1 |
_aAlas, Leopoldo _eprologuista |
|
| 942 | _cBK | ||
| 998 | _cmariana | ||
| 999 |
_c1737 _d1737 |
||